Normal view
MARC view
Entry Topical Term
001 - CONTROL NUMBER
- control field: 102115
003 - CONTROL NUMBER IDENTIFIER
- control field: NUST
005 - DATE AND TIME OF LATEST TRANSACTION
- control field: 20221101095915.0
008 - FIXED-LENGTH DATA ELEMENTS
- fixed length control field: 221101|| aca||aabn | a|a d
040 ## - CATALOGING SOURCE
- Original cataloging agency: NUST
- Transcribing agency: NUST
150 ## - HEADING--TOPICAL TERM
- Chronological subdivision: Shōwa period, 1926-1989
- Form subdivision: Translations into English
670 ## - SOURCE DATA FOUND
- Source citation: Work cat.: (NUST)0: Contemporary Japanese literature :, c2005.
